[Event "Troisdorf op"]
[Site "Troisdorf"]
[Date "2014.11.11"]
[Round "4"]
[White "Jantz, Heiko"]
[Black "Koschmieder, Josef"]
[Result "1-0"]
[WhiteElo "1984"]
[BlackElo "1331"]
[PlyCount "65"]
[EventDate "2014.10.21"]
[EventType "swiss"]
[EventRounds "7"]
[EventCountry "GER"]
[SourceTitle "EXT 2016"]
[Source "ChessBase"]
[SourceDate "2015.10.08"]
[SourceVersion "1"]
[SourceVersionDate "2015.10.08"]
[SourceQuality "1"]

1. c4 c5 2. Nf3 Nc6 3. g3 g6 4. Bg2 Bg7 5. 0-0 Nf6 6. d4 cxd4 7. Nxd4 Nxd4 8. Qxd4 0-0 9. Nc3 d6 10. e4 Nd7 11. Qe3 Nc5 12. b4 Ne6 13. Rd1 Qc7 14. Bf1 a6 15. Bb2 Rb8 16. e5 Rd8 17. exd6 Rxd6 18. Nd5 Qd8 19. Bxg7 Kxg7 20. Bg2 b6 21. c5 bxc5 22. bxc5 Rd7 23. Qe5+ Kg8 24. Qxb8 Nxc5 25. Nxe7+ Qxe7 26. Qxc8+ Kg7 27. Rxd7 Nxd7 28. Qxa6 Nc5 29. Qc4 Qe5 30. Rc1 Ne6 31. Kf1 Nd4 32. Re1 Qd6 33. Rd1 1-0

[Event "Cologne Longerich op-B 11th"]
[Site "Cologne"]
[Date "2014.08.03"]
[Round "4"]
[White "Jantz, Heiko"]
[Black "Mersch, Peter Daniel"]
[Result "1-0"]
[WhiteElo "1707"]
[BlackElo "1542"]
[PlyCount "55"]
[EventDate "2014.08.01"]
[EventType "swiss"]
[EventRounds "5"]
[EventCountry "GER"]
[SourceTitle "EXT 2022"]
[Source "ChessBase"]
[SourceDate "2021.10.06"]
[SourceVersion "1"]
[SourceVersionDate "2021.10.06"]
[SourceQuality "1"]

1. c4 e5 2. Nc3 Nf6 3. Nf3 Nc6 4. d4 exd4 5. Nxd4 Nxd4 6. Qxd4 Be7 7. g3 0-0 8. Bg2 d6 9. 0-0 a6 10. e4 Bd7 11. Re1 Re8 12. f4 Bc6 13. Bd2 Qd7 14. Rad1 Rad8 15. Nd5 Bxd5 16. cxd5 b6 17. Rc1 Bf8 18. Qc4 Qb5 19. Qxb5 axb5 20. Rxc7 Rc8 21. Rxc8 Rxc8 22. Rc1 Rc4 23. b3 Rd4 24. Bc3 Rd3 25. Kf2 Ng4+ 26. Ke2 Re3+ 27. Kd2 Be7 28. Bd4 1-0

[Event "SVR-ch MAT-I 37th"]
[Site "Heimbach Weis"]
[Date "2014.04.19"]
[Round "9"]
[White "Jantz, Heiko"]
[Black "Welsch, Dieter"]
[Result "1-0"]
[WhiteElo "1727"]
[BlackElo "1618"]
[PlyCount "69"]
[EventDate "2014.04.11"]
[EventType "tourn"]
[EventRounds "9"]
[EventCountry "GER"]
[SourceTitle "CBM 160 Extra"]
[Source "ChessBase"]
[SourceDate "2014.07.01"]
[SourceVersion "1"]
[SourceVersionDate "2014.07.01"]
[SourceQuality "1"]

1. c4 c6 2. d4 d5 3. Nc3 Nf6 4. Nf3 e6 5. e3 Bb4 6. a3 Bd6 7. Bd3 b6 8. e4 dxe4 9. Nxe4 Nxe4 10. Bxe4 Bb7 11. Bg5 f6 12. Be3 Nd7 13. b4 Rc8 14. Qb3 f5 15. Bg5 Be7 16. Bxe7 Qxe7 17. Bc2 0-0 18. 0-0 Qf6 19. Rfe1 Kh8 20. Ne5 Rc7 21. Qe3 Nxe5 22. dxe5 Qg6 23. c5 b5 24. Rad1 Bc8 25. Rd6 Qg4 26. h3 Qg6 27. f4 a5 28. Red1 axb4 29. axb4 Ra7 30. Qf3 h6 31. Rd8 Re8 32. Qxc6 Bd7 33. R1xd7 Ra2 34. Rd2 Ra3 35. Qxe8+ 1-0

[Event "SVR-ch MAT-I 37th"]
[Site "Heimbach Weis"]
[Date "2014.04.18"]
[Round "8"]
[White "Ries, Werner"]
[Black "Jantz, Heiko"]
[Result "1/2-1/2"]
[WhiteElo "1625"]
[BlackElo "1727"]
[PlyCount "58"]
[EventDate "2014.04.11"]
[EventType "tourn"]
[EventRounds "9"]
[EventCountry "GER"]
[SourceTitle "CBM 160 Extra"]
[Source "ChessBase"]
[SourceDate "2014.07.01"]
[SourceVersion "1"]
[SourceVersionDate "2014.07.01"]
[SourceQuality "1"]

1. e4 d6 2. d4 Nf6 3. Nc3 g6 4. Nf3 Bg7 5. Be2 0-0 6. 0-0 Nbd7 7. Bg5 c5 8. dxc5 Nxc5 9. Nd2 a6 10. h4 b5 11. a3 Bb7 12. Bf3 Nfd7 13. Rb1 Ne6 14. Be3 Rc8 15. Nd5 Nd4 16. Bxd4 Bxd4 17. c3 Bg7 18. Ne3 Ne5 19. Be2 e6 20. f4 Qb6 21. Kf2 Bh6 22. g3 Nd7 23. Bd3 Nc5 24. Bc2 d5 25. exd5 exd5 26. Nf3 Rfe8 27. Nd4 Ne4+ 28. Bxe4 dxe4 29. Qb3 Bg7 1/2-1/2

[Event "SVR-ch MAT-I 37th"]
[Site "Heimbach Weis"]
[Date "2014.04.17"]
[Round "6"]
[White "Jantz, Heiko"]
[Black "Luetz, Jannik"]
[Result "1-0"]
[WhiteElo "1727"]
[BlackElo "1747"]
[PlyCount "49"]
[EventDate "2014.04.11"]
[EventType "tourn"]
[EventRounds "9"]
[EventCountry "GER"]
[SourceTitle "CBM 160 Extra"]
[Source "ChessBase"]
[SourceDate "2014.07.01"]
[SourceVersion "1"]
[SourceVersionDate "2014.07.01"]
[SourceQuality "1"]

1. c4 e5 2. Nc3 Nf6 3. g3 d5 4. cxd5 Nxd5 5. Bg2 Nxc3 6. bxc3 Nc6 7. e4 Bc5 8. Nf3 0-0 9. 0-0 Be6 10. d4 exd4 11. cxd4 Nxd4 12. Bb2 Nxf3+ 13. Qxf3 Qe7 14. Rac1 Bb6 15. Qc3 f6 16. Ba3 c5 17. Bxc5 Bxc5 18. Qxc5 Qxc5 19. Rxc5 Rac8 20. Rfc1 Rxc5 21. Rxc5 Rc8 22. Rxc8+ Bxc8 23. f4 Kf7 24. Kf2 Ke6 25. Bh3+ 1-0

[Event "SVR-ch MAT-I 37th"]
[Site "Heimbach Weis"]
[Date "2014.04.12"]
[Round "3"]
[White "Ley, Sabrina"]
[Black "Jantz, Heiko"]
[Result "1-0"]
[WhiteElo "1510"]
[BlackElo "1727"]
[PlyCount "91"]
[EventDate "2014.04.11"]
[EventType "tourn"]
[EventRounds "9"]
[EventCountry "GER"]
[SourceTitle "CBM 160 Extra"]
[Source "ChessBase"]
[SourceDate "2014.07.01"]
[SourceVersion "1"]
[SourceVersionDate "2014.07.01"]
[SourceQuality "1"]

1. e4 d6 2. d4 Nf6 3. Nc3 g6 4. Bc4 Bg7 5. Qe2 0-0 6. e5 dxe5 7. dxe5 Ng4 8. e6 f5 9. Bg5 Nf6 10. Rd1 Qe8 11. Nf3 c6 12. Ne5 h6 13. Bxf6 Bxf6 14. Nd7 b5 15. Bb3 a5 16. a3 b4 17. axb4 axb4 18. Na4 Rxa4 19. Bxa4 Ba6 20. Nxf6+ Rxf6 21. Qe3 Qc8 22. Kd2 Kh7 23. Bb3 c5 24. Bd5 f4 25. Qe4 c4 26. Kc1 c3 27. Qxb4 cxb2+ 28. Qxb2 Be2 29. Rd2 f3 30. gxf3 Bxf3 31. Bxf3 Rxf3 32. Rhd1 Nc6 33. Re1 Na5 34. Re3 Nc4 35. Qc3 Rxe3 36. fxe3 Qxe6 37. Re2 Qe4 38. Re1 e5 39. Qd3 Qc6 40. Rd1 Nb6 41. Qd6 Qxd6 42. Rxd6 Nc4 43. Rd5 Kg7 44. Rc5 Nxe3 45. Rxe5 Ng4 46. Re2 1-0

[Event "Troisdorf op"]
[Site "Troisdorf"]
[Date "2013.11.19"]
[Round "5"]
[White "Memmesheimer, Thomas"]
[Black "Jantz, Heiko"]
[Result "0-1"]
[WhiteElo "1772"]
[BlackElo "2020"]
[PlyCount "50"]
[EventDate "2013.10.22"]
[EventType "swiss"]
[EventRounds "7"]
[EventCountry "GER"]
[SourceTitle "EXT 2016"]
[Source "ChessBase"]
[SourceDate "2015.10.08"]
[SourceVersion "1"]
[SourceVersionDate "2015.10.08"]
[SourceQuality "1"]

1. d4 d5 2. Nf3 Nf6 3. Bf4 Bf5 4. c4 e6 5. e3 Bd6 6. Ne5 Nbd7 7. Nc3 0-0 8. Be2 dxc4 9. Bxc4 h6 10. 0-0 Ne4 11. f3 Nxc3 12. bxc3 Nxe5 13. Bxe5 Bxe5 14. dxe5 Qg5 15. f4 Qe7 16. Qb3 Qc5 17. Kf2 Bg4 18. h3 Rad8 19. hxg4 Rd2+ 20. Kf3 Qc6+ 21. e4 Rfd8 22. Be2 Rxe2 23. Kxe2 Qxe4+ 24. Kf2 Rd2+ 25. Kg3 Qxg2+ 0-1

[Event "Troisdorf op"]
[Site "Troisdorf"]
[Date "2013.11.12"]
[Round "4"]
[White "Jantz, Heiko"]
[Black "Koschmieder, Josef"]
[Result "1-0"]
[WhiteElo "2020"]
[BlackElo "1361"]
[PlyCount "75"]
[EventDate "2013.10.22"]
[EventType "swiss"]
[EventRounds "7"]
[EventCountry "GER"]
[SourceTitle "EXT 2016"]
[Source "ChessBase"]
[SourceDate "2015.10.08"]
[SourceVersion "1"]
[SourceVersionDate "2015.10.08"]
[SourceQuality "1"]

1. c4 c5 2. Nf3 Nc6 3. g3 g6 4. Bg2 Bg7 5. 0-0 Nf6 6. d4 cxd4 7. Nxd4 0-0 8. Nc3 Nxd4 9. Qxd4 d6 10. e4 Nd7 11. Qe3 Ne5 12. b3 Ng4 13. Qd3 Ne5 14. Qc2 Rb8 15. Be3 a6 16. h3 Be6 17. Rac1 Rc8 18. f4 Nc6 19. Qf2 f5 20. exf5 Bxf5 21. Nd5 Qe8 22. Kh2 Bd7 23. Qd2 Be6 24. Nb6 Rc7 25. Rfe1 Bf7 26. Nd5 Rd7 27. Bb6 Kh8 28. Nc7 Qc8 29. Ne6 Bxe6 30. Rxe6 Nd8 31. Re3 Nc6 32. Bd5 e5 33. Be6 exf4 34. gxf4 Rxf4 35. Bxd7 Qxd7 36. Rce1 Be5 37. Rxe5 Rd4 38. Re8+ 1-0

[Event "Troisdorf op"]
[Site "Troisdorf"]
[Date "2012.11.13"]
[Round "4"]
[White "Jantz, Heiko"]
[Black "Friedrich, Johannes"]
[Result "1-0"]
[WhiteElo "2043"]
[BlackElo "1323"]
[PlyCount "61"]
[EventDate "2012.10.23"]
[EventType "swiss"]
[EventRounds "7"]
[EventCountry "GER"]
[SourceTitle "EXT 2014"]
[Source "ChessBase"]
[SourceDate "2013.11.20"]
[SourceVersion "1"]
[SourceVersionDate "2013.11.20"]
[SourceQuality "1"]

1. c4 c5 2. Nf3 Nc6 3. d4 cxd4 4. Nxd4 Nf6 5. Nc3 e6 6. g3 Bc5 7. Nc2 Ng4 8. Ne4 Qb6 9. e3 f5 10. Nxc5 Qxc5 11. Nd4 Qb4+ 12. Qd2 Qxd2+ 13. Bxd2 0-0 14. b4 Nxd4 15. exd4 d5 16. c5 Bd7 17. a4 b6 18. Bb5 Bxb5 19. axb5 bxc5 20. bxc5 Rfb8 21. Rb1 a5 22. b6 a4 23. Bf4 e5 24. dxe5 Ra6 25. f3 Nh6 26. Kd2 Rb7 27. Bxh6 gxh6 28. Rhc1 a3 29. c6 a2 30. cxb7 axb1N+ 31. Rxb1 1-0

[Event "Bad Godesberg op 16th"]
[Site "Bad Godesberg"]
[Date "2012.07.09"]
[Round "3"]
[White "Boysen, Christopher"]
[Black "Jantz, Heiko"]
[Result "0-1"]
[WhiteElo "1851"]
[BlackElo "2043"]
[PlyCount "44"]
[EventDate "2012.07.07"]
[EventType "swiss"]
[EventRounds "9"]
[EventCountry "GER"]
[SourceTitle "CBM 149 Extra"]
[Source "ChessBase"]
[SourceDate "2012.08.24"]
[SourceVersion "1"]
[SourceVersionDate "2012.08.24"]
[SourceQuality "1"]

1. Nf3 d5 2. e3 Nf6 3. c4 e6 4. d4 Be7 5. Nc3 b6 6. Ne5 0-0 7. Be2 Bb7 8. Bf3 Nbd7 9. 0-0 Nxe5 10. dxe5 Nd7 11. cxd5 Nxe5 12. e4 Nxf3+ 13. Qxf3 f5 14. Rd1 Qd7 15. Qe2 fxe4 16. Qxe4 exd5 17. Nxd5 Bd6 18. Qc4 Kh8 19. Be3 Rf5 20. Rac1 Bxd5 21. Rxd5 Rxd5 22. Qe4 Re8 0-1

[Event "Rheinland Pfalz op 4th"]
[Site "Altenkirchen"]
[Date "2012.06.09"]
[Round "6"]
[White "Jantz, Heiko"]
[Black "Hoeck, Sebastian"]
[Result "1-0"]
[WhiteElo "2048"]
[BlackElo "1861"]
[PlyCount "57"]
[EventDate "2012.06.07"]
[EventType "swiss"]
[EventRounds "7"]
[EventCountry "GER"]
[SourceTitle "CBM 148 Extra"]
[Source "ChessBase"]
[SourceDate "2012.06.22"]
[SourceVersion "1"]
[SourceVersionDate "2012.06.22"]
[SourceQuality "1"]

1. c4 c6 2. g3 Nf6 3. Bg2 d5 4. Nf3 Nbd7 5. d4 dxc4 6. a4 e6 7. Qc2 Bb4+ 8. Bd2 Qa5 9. Qxc4 Nd5 10. e4 N7b6 11. Qc2 Bxd2+ 12. Nbxd2 Nb4 13. Qb3 c5 14. dxc5 Qxc5 15. 0-0 0-0 16. a5 Nd7 17. Rfc1 Qe7 18. Nd4 Ne5 19. Ra4 Na6 20. N2f3 Nc5 21. Qa3 Ned3 22. Rxc5 Qxc5 23. Qxd3 Qc1+ 24. Bf1 Rd8 25. Qb3 e5 26. Nxe5 Bh3 27. Qxf7+ Kh8 28. Qc4 Rac8 29. Nf7+ 1-0

[Event "Rheinland Pfalz op 4th"]
[Site "Altenkirchen"]
[Date "2012.06.08"]
[Round "3"]
[White "Wieber, Dominik"]
[Black "Jantz, Heiko"]
[Result "0-1"]
[WhiteElo "1743"]
[BlackElo "2048"]
[PlyCount "66"]
[EventDate "2012.06.07"]
[EventType "swiss"]
[EventRounds "7"]
[EventCountry "GER"]
[SourceTitle "CBM 148 Extra"]
[Source "ChessBase"]
[SourceDate "2012.06.22"]
[SourceVersion "1"]
[SourceVersionDate "2012.06.22"]
[SourceQuality "1"]

1. e4 c5 2. Nf3 d6 3. c3 Nf6 4. d3 g6 5. Be3 Bg7 6. Nbd2 Nc6 7. d4 cxd4 8. cxd4 Qa5 9. Bd3 Ng4 10. 0-0 Nxe3 11. fxe3 0-0 12. Nc4 Qh5 13. Be2 Bh6 14. Qe1 Bg4 15. h3 Bxf3 16. Rxf3 Qg5 17. h4 Qg4 18. Rxf7 Qxe4 19. Bf3 Qd3 20. Rxf8+ Rxf8 21. Rc1 Nxd4 22. exd4 Qxd4+ 23. Kf1 Bxc1 24. Qxc1 Rc8 25. b3 b5 26. Qe1 Qd3+ 27. Kg1 Qd4+ 28. Kh1 e5 29. Ne3 e4 30. Bg4 Rc3 31. Be6+ Kg7 32. Nd5 Rd3 33. Qg3 Rxg3 0-1

[Event "Troisdorf op"]
[Site "Troisdorf"]
[Date "2011.12.06"]
[Round "7"]
[White "Schaad, Martin"]
[Black "Jantz, Heiko"]
[Result "1-0"]
[WhiteElo "1795"]
[BlackElo "1698"]
[PlyCount "47"]
[EventDate "2011.10.25"]
[EventType "swiss"]
[EventRounds "7"]
[EventCountry "GER"]
[SourceTitle "EXT 2013"]
[Source "ChessBase"]
[SourceDate "2012.11.22"]
[SourceVersion "1"]
[SourceVersionDate "2012.11.22"]
[SourceQuality "1"]

1. e4 c5 2. Nc3 Nc6 3. g3 g6 4. Bg2 Bg7 5. d3 Nf6 6. f4 d6 7. h3 Bd7 8. Be3 Qa5 9. Qd2 Rb8 10. Nf3 b5 11. 0-0 b4 12. Nd1 Qc7 13. g4 0-0 14. Nh4 e6 15. f5 Qd8 16. g5 Ne8 17. f6 Bh8 18. Nf2 h6 19. Ng4 hxg5 20. Bxg5 Kh7 21. Qf2 Ne5 22. Nf5 Nxg4 23. Qh4+ Kg8 24. Ne7+ 1-0

[Event "Troisdorf op"]
[Site "Troisdorf"]
[Date "2011.10.25"]
[Round "1"]
[White "Ivic, Roman Eric"]
[Black "Jantz, Heiko"]
[Result "1-0"]
[WhiteElo "2026"]
[BlackElo "1698"]
[PlyCount "87"]
[EventDate "2011.10.25"]
[EventType "swiss"]
[EventRounds "7"]
[EventCountry "GER"]
[SourceTitle "EXT 2013"]
[Source "ChessBase"]
[SourceDate "2012.11.22"]
[SourceVersion "1"]
[SourceVersionDate "2012.11.22"]
[SourceQuality "1"]

1. d4 Nf6 2. Nf3 d5 3. c4 e6 4. Nc3 Bb4 5. Qb3 c5 6. e3 Nc6 7. Bd2 Na5 8. Qc2 cxd4 9. Qa4+ Nc6 10. Nxd4 Bxc3 11. Bxc3 Bd7 12. Nxc6 Bxc6 13. Qa3 Qe7 14. Bb4 Qc7 15. Bd6 Qb6 16. c5 Qd8 17. f3 Nd7 18. b4 a6 19. Rb1 f5 20. Be2 b5 21. Qb3 Kf7 22. 0-0 Qf6 23. g4 h5 24. gxf5 Qxf5 25. e4 Qg6+ 26. Kh1 dxe4 27. fxe4+ Nf6 28. Bf3 Bxe4 29. Rbe1 Bxf3+ 30. Qxf3 Rhe8 31. Rg1 Qh7 32. Ref1 Ra7 33. Be5 Qh6 34. Bf4 Qh8 35. Bg5 Rf8 36. c6 Ke8 37. Qe3 Re7 38. Qc5 Rff7 39. Qd6 Kf8 40. c7 Qh7 41. c8R+ Ne8 42. Qxe7+ Kg8 43. Rxe8+ Rf8 44. Rfxf8# 1-0

[Event "SVR-ch MAT-II 33rd"]
[Site "Mendig"]
[Date "2010.04.01"]
[Round "7"]
[White "Jantz, Heiko"]
[Black "Casper, Tilman"]
[Result "0-1"]
[WhiteElo "2110"]
[BlackElo "1655"]
[PlyCount "76"]
[EventDate "2010.03.26"]
[EventType "tourn"]
[EventRounds "9"]
[EventCountry "GER"]
[SourceTitle "EXT 2011"]
[Source "ChessBase"]
[SourceDate "2010.11.26"]
[SourceVersion "1"]
[SourceVersionDate "2010.11.26"]
[SourceQuality "1"]

1. c4 c5 2. Nf3 Nf6 3. d4 e6 4. g3 d5 5. Bg2 Nc6 6. 0-0 cxd4 7. Nxd4 Bc5 8. Nxc6 bxc6 9. Qa4 Bd7 10. e3 0-0 11. b4 Bd6 12. Nc3 c5 13. b5 a6 14. Qb3 Rb8 15. a4 Qa5 16. Bd2 Qb4 17. Qxb4 cxb4 18. Na2 b3 19. Nc3 dxc4 20. Rab1 axb5 21. axb5 Bxb5 22. Nxb5 Rxb5 23. Rfc1 Rc8 24. Bf1 Bb4 25. Rxb3 Bxd2 26. Rxb5 Bxc1 27. Bxc4 g6 28. Be2 Rc2 29. Bf3 Kg7 30. g4 Rc4 31. h3 Ne4 32. Rb7 Ng5 33. Bg2 h5 34. Bf1 Rc2 35. gxh5 Bxe3 36. hxg6 Rxf2 37. Rb3 Nf3+ 38. Kh1 Rh2# 0-1

[Event "SVR-ch HT 29th"]
[Site "Koblenz"]
[Date "2006.04.09"]
[Round "3"]
[White "Bilitza, Alwin"]
[Black "Jantz, Heiko"]
[Result "1-0"]
[WhiteElo "1943"]
[BlackElo "1727"]
[PlyCount "75"]
[EventDate "2006.04.08"]
[EventType "swiss"]
[EventRounds "7"]
[EventCountry "GER"]
[SourceTitle "EXT 2009"]
[Source "ChessBase"]
[SourceDate "2008.11.26"]
[SourceVersion "1"]
[SourceVersionDate "2008.11.26"]
[SourceQuality "1"]

1. d4 Nf6 2. Nf3 e6 3. Nbd2 d5 4. e3 c5 5. c3 Bd6 6. Bd3 Nc6 7. 0-0 Qc7 8. dxc5 Bxc5 9. e4 0-0 10. Qe2 Bd7 11. h3 Nh5 12. Nb3 Ng3 13. Qe1 Bb6 14. e5 Nxf1 15. Kxf1 Na5 16. Nbd4 Bxd4 17. Nxd4 Nc4 18. f4 a6 19. Kg1 Rac8 20. Qh4 g6 21. Nf3 Nxb2 22. Qh6 f6 23. exf6 Rxf6 24. Ng5 Qxc3 25. Qxh7+ Kf8 26. Qxd7 Nxd3 27. Nh7+ Kg8 28. Nxf6+ Kf8 29. Ba3+ Rc5 30. Bxc5+ Nxc5 31. Qd6+ Kf7 32. Rf1 Qe3+ 33. Kh1 Qe2 34. Rf3 Nd3 35. Ng4 Kg7 36. Qe7+ Kh8 37. Qf8+ Kh7 38. Nf6# 1-0

[Event "SVR-ch HT 29th"]
[Site "Koblenz"]
[Date "2006.04.08"]
[Round "2"]
[White "Jantz, Heiko"]
[Black "Pikatz, Frank"]
[Result "1-0"]
[WhiteElo "1727"]
[BlackElo "1539"]
[PlyCount "85"]
[EventDate "2006.04.08"]
[EventType "swiss"]
[EventRounds "7"]
[EventCountry "GER"]
[SourceTitle "EXT 2009"]
[Source "ChessBase"]
[SourceDate "2008.11.26"]
[SourceVersion "1"]
[SourceVersionDate "2008.11.26"]
[SourceQuality "1"]

1. c4 Nf6 2. Nc3 d6 3. g3 g6 4. Bg2 Bg7 5. d4 c6 6. e4 Nbd7 7. Nf3 e5 8. 0-0 0-0 9. Be3 Qc7 10. d5 Nc5 11. Nxe5 Re8 12. Bxc5 dxc5 13. d6 Qd8 14. Nd3 b6 15. e5 Ng4 16. Bxc6 Be6 17. Bxa8 Qxa8 18. Nb5 Qe4 19. Nc7 Rf8 20. Nxe6 fxe6 21. b3 Nxe5 22. Nxe5 Qxe5 23. Qd3 Qb2 24. d7 Bd4 25. Rab1 Qxa2 26. Kh1 Qa6 27. Qe4 b5 28. cxb5 Qd6 29. Qc6 Qe7 30. Rfe1 Rf6 31. Rxe6 Rxe6 32. Qa8+ Kf7 33. d8Q Re1+ 34. Rxe1 Qxe1+ 35. Kg2 Qxf2+ 36. Kh3 Qf1+ 37. Qg2 Qf5+ 38. g4 Qd3+ 39. Kh4 Bf6+ 40. Qxf6+ Kxf6 41. Qc6+ Kg7 42. Qc7+ Kh6 43. g5# 1-0